000 00402nam a2200133Ia 4500
008 220216s9999 xx 000 0 und d
100 _aSethu S
245 0 _aDe-ammoniation of skim latex using a new desorption column
260 _bProceedings of the RRIM Planters Conference, Kuala Lumpur, 1973; p381-401
650 _aDe-ammoniation
650 _aSkim latex
700 _aSubbiah R M
942 _cJS
999 _c56733
_d56733